000 01314cam a2200361 a 4500
001 vtls003258229
003 MY-SjTCS
005 20200226120114.0
008 141117s2014 paua 001 0 eng d
020 _a9781451193879 (paperback)
020 _a1451193874 (paperback)
039 9 _a201809071349
_bVLOAD
_c201412311043
_dshuhada
_c201412311041
_dshuhada
_c201412311040
_dshuhada
_y201411171023
_zaishah_siti
040 _erda
082 0 4 _a616.028
_bKOL 2012
100 1 _aKollef, Marin H.
_973048
245 1 4 _aThe Washington manual of critical care /
_cMarin H. Kollef, Warren Isakow.
246 3 _aManual of critical care
250 _aSecond edition.
264 1 _aPhiladelphia, PA :
_bLippincott Williams & Wilkins,
_c[2012]
264 4 _c©2012
300 _axxvii, 703 pages :
_billustrations ;
_c21 cm
336 _atext
_2rdacontent
337 _aunmediated
_2rdamedia
338 _avolume
_2rdacarrier
490 1 _aLippincott manual series
500 _aOriginally published: 2008.
504 _aIncludes bibliographical references and index.
650 0 _aCritical care medicine
_vHandbooks, manuals, etc.
_939921
650 0 _aMedical protocols
_vHandbooks, manuals, etc.
_965012
700 1 _aIsakow, Warren.
_973049
830 0 _aLippincott manual.
_953934
920 _aSMN : 214517
999 _c158987